Killer Queen lyrics - Statistics

General Stats
  • This quiz has been taken 13 times
  • The average score is 15 of 33
Answer Stats
Hint Answer % Correct
she says just like
75%
shes a killer queen
75%
shes a Killer Queen
75%
guaranteed to blow your mind
67%
caviar and cigarettes
67%
in her pretty cabinet let them eat cake
67%
you can`t decline
58%
gunpowder, gelatine dynamite
58%
with a laser beam
58%
dynamite with a laser beam
58%
extraordinarily nice
58%
she spoke just like a baroness
50%
instatiable an appetite
50%
insatiable an appetite
50%
met a man from china
50%
complications she never kept
50%
wanna try to avoid
50%
guaranteed to blow your mind anytime
42%
well versed in etiquette
42%
She keeps her moet et chandon
42%
from Paris (naturally)
42%
anytime recommended at the price
33%
for cars she couldnt care less
33%
gunpowder gelatine
33%
then again incidentally if youre
33%
fastidious and precise
33%
recommended at the price
25%
marie antoinette a bulit-in remedy
17%
for khrushchev and kennedy at anytime an invitation
17%
went down to geisha minor
17%
that way inclined perfume came naturally
17%
the same address in converstation
8%
wanna try? you wanna try
8%
No matching quizzes found
Score Distribution
Percent of People with Each Score
Percentile by Number Answered
Your Score History
You have not taken this quiz